<?xml version="1.0" encoding="UTF-8"?>
<marc:record xmlns:marc="http://www.loc.gov/MARC21/slim">
   <marc:leader>00000nam a2200000 a 4500</marc:leader>
   <marc:datafield ind1="1" ind2=" " tag="100">
      <marc:subfield code="a">Rühmann, Heinz</marc:subfield>
      <marc:subfield code="4">aut</marc:subfield>
      <marc:subfield code="e">Verfasser/-in</marc:subfield>
   </marc:datafield>
   <marc:datafield ind1="0" ind2="0" tag="245">
      <marc:subfield code="a">Wir werden das Kind schon schaukeln</marc:subfield>
   </marc:datafield>
   <marc:datafield ind1="0" ind2="0" tag="245">
      <marc:subfield code="c">Rühmann, Heinz</marc:subfield>
   </marc:datafield>
   <marc:datafield ind1=" " ind2="1" tag="264">
      <marc:subfield code="a">Leipzig</marc:subfield>
   </marc:datafield>
   <marc:datafield ind1="1" ind2=" " tag="520">
      <marc:subfield code="a">Mathematiklehrer Karl Stieglitz findet bei seiner Schülerin Brigitte Schneider einen Liebesbrief und wendet sich entsetzt über die unsittlichen Zeilen an die Eltern des Mädchens. Durch ein Missverständnis glaubt deren Mutter, der Brief sei an ihren Mann adressiert, der sie heimlich betrügt. Mit der Hilfe seines Freundes Paul Fellmeier möchte Herr Schneider seine Treue beweisen. Fellmeier wird dadurch von seiner eigenen Frau als vermeintlicher Schwerenöter ertappt und gerät ebenfalls in Erklärungsnöte.</marc:subfield>
   </marc:datafield>
   <marc:datafield ind1=" " ind2=" " tag="338">
      <marc:subfield code="a">Videodisk</marc:subfield>
   </marc:datafield>
</marc:record>
